| 000 | 00860nam a2200277 i 4500 | ||
|---|---|---|---|
| 001 | 000012708 | ||
| 003 | DO-SdBNP | ||
| 005 | 20240412074234.0 | ||
| 007 | ta | ||
| 008 | 091116s199- dr 000 j spa d | ||
| 040 |
_aDO-SdBNP _bspa _cBNPHU _erda |
||
| 082 | 4 |
_aRD863.44 _bP947p _222 |
|
| 100 | 1 |
_aPrida Busto, Juan Manuel _d1956- _929467 _eautor |
|
| 245 | 1 | 0 |
_aPieles a mi piel / _cJuan Manuel Prida Busto. |
| 264 |
_aSanto Domingo : _bs.n., _c199- |
||
| 300 |
_a243 páginas ; _c18 cm. |
||
| 336 |
_2rdacontent _atexto _btxt |
||
| 337 |
_2rdamedia _asin mediación _bn |
||
| 338 |
_2rdacarrier _avolumen _bnc |
||
| 500 | _aIncluye datos biográficos del autor en la contracubierta | ||
| 590 | _aInventariado, 2023/BT | ||
| 650 | 0 |
_aCuentos dominicanos _9176 |
|
| 650 | 0 |
_aLiteratura dominicana. _967 |
|
| 910 | _aValidado, 2023/MFF | ||
| 942 |
_2ddc _cLBS1 |
||
| 999 |
_c12359 _d12359 |
||